000 00528nam a22001817a 4500
999 _c177234
_d177234
005 20210215170020.0
010 _aENG-128978
020 _c395.00
_a978-93-86473-97-4
035 _aEN-112510
037 _bDBAD/PUB
082 _aN
100 _aKaul, Ashok
245 _aUndercover in Bandipore/
_cAshok Kaul
260 _aNew Delhi
_bVitasta Publishing Pvt. Ltd.
_c2020
270 _bNew Delhi
_a2/15, Ansari Roaad, Daryaganj
_e110002
_minfo@vitastapublishing.com
300 _a351p.
_c20cm(pbk)
942 _2ddc
_cEN
_hN
_mKAU